000 00348nam a2200157Ia 4500
003 OSt
005 20231211071704.0
008 170524s9999 xx 000 0 und d
020 _a81-7488-702-4
040 _cIIMT UNIVERSITY
100 _aMalhotra-R.K.
245 0 _aTourism Marketing
260 _bAnmol Pub
260 _c1959
942 _2ddc
_c02
999 _c7420
_d7420